| 000 | 00811nac a22002411u 4500 | ||
|---|---|---|---|
| 010 | _a61009112 | ||
| 035 | _a(OCoLC)896423 | ||
| 082 |
_a624.15 _bFOU |
||
| 090 |
_c1640 _d1640 |
||
| 100 | _a20080729 | ||
| 245 | 0 | 0 |
_aFoundation engineering / _cEdited by G.A. Leonards. |
| 260 |
_aNew York : _bMcGraw-Hill,1962. _cc1962. |
||
| 300 |
_a1136 p. : _bill. ; _c24 cm. |
||
| 440 | 0 | _aMcGraw-Hill civil engineering series | |
| 500 | _aDistributer: Al-Ahram. | ||
| 500 | _aOne copy Donated from Dr. Mostafa Gouda. | ||
| 504 | _aIncludes bibliographical references and index. | ||
| 511 | _aCatalogued by: Sara. | ||
| 650 | 0 | _aFoundations. | |
| 700 | 1 |
_aLeonards, G. A. _q(Gerald A.) |
|
| 942 |
_cBB _k624.15FOU |
||
| 999 |
_c1640 _d1640 |
||